Nivel socioeconómico de las naciones
Spremljeno u:
| Glavni autor: | |
|---|---|
| Format: | Tekst |
| Izdano: |
s.l:
s.e.
|
| Oznake: |
Dodaj oznaku
Bez oznaka, Budi prvi tko označuje ovaj zapis!
|
MARC
| LEADER | 00000 a a2200000 04500 | ||
|---|---|---|---|
| 001 | 22720 | ||
| 003 | |||
| 040 | |||
| 090 | |a 156000 | ||
| 100 | |a Difrieri, J.A. | ||
| 245 | |a Nivel socioeconómico de las naciones | ||
| 260 | |a s.l: |b s.e. | ||
| 300 | |a 4 p |b **no definido** | ||
| 999 | |c 14891 |d 14891 | ||
